Nemovité kulturní památky jižní Moravy soupis památek a literatury Sv. 12 Město Brno

Bibliographic Details
Main Author: Heerenová, Petra (Compiler)
Other Authors: Heerenová, Petra ml (Compiler)
Format: Book
Language:Czech
PhysicalDescription:241 s., 20 fotogr. na príl. fotogr. 24 cm
Published: Brno Muzejní a vlastivědná společnost 2002
ISBN:8072750348
8070511451
Series:Bibliografie a prameny k vývoji Moravy
Subjects:

MARC

LEADER 00000nam a2200000 a 4500
001 vtls001450072
003 SK-MaSNL
005 20260331204436.0
008 251113sm y0 xr a r 0 cze
020 |a 8072750348  |c [150,00] 
020 |a 8070511451 
035 |a SNK000405359 
040 |a SNK  |b slo  |c SNK  |e AACR2 
043 |a e-xr-jm 
044 |a xr  |c CZ 
072 7 |a 904  |x Kultúrne pamiatky historického obdobia všeobecne  |2 konspekt 
080 |a (437.322)  |2 1981 
080 |a 904  |2 1981 
080 |a (083.8)  |2 1981 
080 |a (015)  |2 1981 
080 |a (016)  |2 1981 
080 |a (01)  |2 1981 
100 1 |a Heerenová, Petra  |4 zos  |9 385043 
245 1 |a Nemovité kulturní památky jižní Moravy  |b soupis památek a literatury  |c zpracovaly Petra Heerenová a Petra Heerenová ml.  |n Sv. 12  |p Město Brno 
246 1 4 |a Nemovité kulturní památky - mesto Brno 
260 |a Brno  |b Muzejní a vlastivědná společnost  |c 2002 
300 |a 241 s., 20 fotogr. na príl.  |b fotogr.  |c 24 cm 
490 1 |a Bibliografie a prameny k vývoji Moravy  |v 43 
500 |a Rozlož. tit. strana 
500 |a Vyd. pre Moravskú zemskú knižnicu a Pamiatkový ústav v Brne 
500 |a Na obale názov: Nemovité kulturní památky - město Brno 
650 0 7 |a kultúrne pamiatky  |2 SNKPH  |9 2862 
651 7 |a Brno (Česko)  |2 SNKPHgeo  |9 29499 
655 7 |a neperiodické bibliografie  |2 SNK  |9 60408 
655 7 |a súpisy  |2 SNK  |9 70480 
655 7 |a odborné bibliografie  |2 SNK  |9 70558 
655 7 |a regionálne bibliografie  |2 SNK  |9 70484 
700 1 |a Heerenová, Petra  |c ml.  |4 zos  |9 465310 
830 0 |a Bibliografie a prameny k vývoji Moravy  |9 287143 
919 |a 80-7275-034-8 
919 |a 80-7051-145-1 
999 |c 729049  |d 730979 
952 |a SNK  |b SNK  |y VYP  |7 0  |p 17A0378065  |o snkIC 128084/12  |i snkV 616/2003  |8 2  |0 0  |1 0  |4 0  |d 2003-03-18  |l 0  |r 2005-01-02 00:00:00  |w 2026-02-23